Movies Quiz

Random Movies or Actress Quiz
Score 0/24 Timer 07:00
0 Plays Today
% Correct
Hunger Games
92.2%
Silver Linings Playbook
86.8%
Marley and Me
81.3%
Juno
75.5%
Horrible Bosses
74.3%
Daredevil
73.4%
American Hustle
73.1%
Along Came Polly
68.6%
Blood Diamond
66.6%
Dude, Where's My Car?
66.4%
Bruce Almighty
65.4%
Dallas Buyers Club
64.6%
% Correct
A Beautiful Mind
63.8%
13 Going on 30
63.4%
X-Men: First Class
58.9%
We're the Millers
57.1%
Office Space
51.9%
Winter's Bone
45.6%
Catch Me If You Can
43.9%
Labyrinth
38.6%
Requiem for a Dream
30.5%
House of Sand and Fog
17.9%
House at the End of the Street
11.9%
Dark City
8.5%
Remove Ads.
Support Sporcle.
Get the best of Sporcle when you Go Orange. This ad-free experience offers more features, more stats, and more fun while also helping to support Sporcle. Thank you for becoming a member.

You're not logged in!

Compare scores with friends on all Sporcle quizzes.
OR
Log In

Show Comments

Extras

Top Quizzes Today


Score Distribution

Your Account Isn't Verified!

In order to create a playlist on Sporcle, you need to verify the email address you used during registration. Go to your Sporcle Settings to finish the process.

Report this User

Report this user for behavior that violates our Community Guidelines.

Details: